<?xml version="1.0" encoding="UTF-8"?>
<record
    xmlns:xsi="http://www.w3.org/2001/XMLSchema-instance"
    xsi:schemaLocation="http://www.loc.gov/MARC21/slim http://www.loc.gov/standards/marcxml/schema/MARC21slim.xsd"
    xmlns="http://www.loc.gov/MARC21/slim">

  <leader>01587nam a22001817a 4500</leader>
  <controlfield tag="008">121019t        xxu||||| |||| 00| 0 eng d</controlfield>
  <datafield tag="020" ind1=" " ind2=" ">
    <subfield code="a">0030252539</subfield>
  </datafield>
  <datafield tag="050" ind1=" " ind2=" ">
    <subfield code="a">HG173.B477</subfield>
  </datafield>
  <datafield tag="100" ind1=" " ind2=" ">
    <subfield code="a">Besley, Scott</subfield>
  </datafield>
  <datafield tag="245" ind1=" " ind2=" ">
    <subfield code="a">Principles of finance. /</subfield>
    <subfield code="c">Scott Besley and Eugene F. Brigham</subfield>
  </datafield>
  <datafield tag="260" ind1=" " ind2=" ">
    <subfield code="a">New York:</subfield>
    <subfield code="b">Dryden Press,</subfield>
    <subfield code="c">c1999.</subfield>
  </datafield>
  <datafield tag="300" ind1=" " ind2=" ">
    <subfield code="a">xviii, 717 p.:</subfield>
    <subfield code="b">ill.;</subfield>
    <subfield code="c">26cm.</subfield>
  </datafield>
  <datafield tag="500" ind1=" " ind2=" ">
    <subfield code="a">Includes index.</subfield>
  </datafield>
  <datafield tag="505" ind1=" " ind2=" ">
    <subfield code="a">Contents: General concepts: An Overview of finance -- Financial markets, the investment banking process, and interest rates -- Financial intermediaries and the banking system -- Financial assets (instruments) -- Business organizations and the tax environment -- Appendix 5A: Tax rate schedules -- Fundamentals of valuation: The Time value of money -- Valuation concepts -- Risk and rates of return -- Calculating beta coefficients -- Corporate decision making: Capital budgeting -- Computing NPV and IRR using a financial calculator -- Depreciation -- Comparing projects with unequal lives -- The Cost of capital -- Capital structure and dividend policy decisions -- Working capital management -- Analysis of financial statements -- Financial planning and control -- Appendix 14A: Projected financial statements-including financing feedbacks -- Investor decision making: Investment concepts -- Security valuation and selection -- Appendix A: Mathematical tables -- Appendix B: Solutions to self-tested problems -- Appendix C: Answers to end-of-chapter problems -- Appendix D: Selected equation.</subfield>
  </datafield>
  <datafield tag="650" ind1=" " ind2=" ">
    <subfield code="b">Finance</subfield>
  </datafield>
  <datafield tag="700" ind1=" " ind2=" ">
    <subfield code="a">Brigham, Eugene F.</subfield>
  </datafield>
  <datafield tag="942" ind1=" " ind2=" ">
    <subfield code="2">lcc</subfield>
    <subfield code="c">BK</subfield>
  </datafield>
  <datafield tag="999" ind1=" " ind2=" ">
    <subfield code="c">2449</subfield>
    <subfield code="d">9949</subfield>
  </datafield>
  <datafield tag="952" ind1=" " ind2=" ">
    <subfield code="0">0</subfield>
    <subfield code="1">0</subfield>
    <subfield code="2">lcc</subfield>
    <subfield code="4">0</subfield>
    <subfield code="7">0</subfield>
    <subfield code="a">WIUC-1</subfield>
    <subfield code="b">WIUC-1</subfield>
    <subfield code="c">REF</subfield>
    <subfield code="d">2012-10-19</subfield>
    <subfield code="l">0</subfield>
    <subfield code="o">HG173.B477</subfield>
    <subfield code="p">6200/12</subfield>
    <subfield code="r">2012-10-19 00:00:00</subfield>
    <subfield code="t">1</subfield>
    <subfield code="w">2012-10-19</subfield>
    <subfield code="y">BK</subfield>
  </datafield>
  <datafield tag="952" ind1=" " ind2=" ">
    <subfield code="0">0</subfield>
    <subfield code="1">0</subfield>
    <subfield code="2">lcc</subfield>
    <subfield code="4">0</subfield>
    <subfield code="7">0</subfield>
    <subfield code="a">WIUC-1</subfield>
    <subfield code="b">WIUC-1</subfield>
    <subfield code="c">REF</subfield>
    <subfield code="d">2012-10-19</subfield>
    <subfield code="l">0</subfield>
    <subfield code="o">HG173.B4771</subfield>
    <subfield code="p">6201/12</subfield>
    <subfield code="r">2012-10-19 00:00:00</subfield>
    <subfield code="t">2</subfield>
    <subfield code="w">2012-10-19</subfield>
    <subfield code="y">BK</subfield>
  </datafield>
  <datafield tag="952" ind1=" " ind2=" ">
    <subfield code="0">0</subfield>
    <subfield code="1">0</subfield>
    <subfield code="2">lcc</subfield>
    <subfield code="4">0</subfield>
    <subfield code="7">0</subfield>
    <subfield code="a">WIUC-1</subfield>
    <subfield code="b">WIUC-1</subfield>
    <subfield code="c">REF</subfield>
    <subfield code="d">2012-10-19</subfield>
    <subfield code="l">0</subfield>
    <subfield code="o">HG173.B4772</subfield>
    <subfield code="p">6202/12</subfield>
    <subfield code="r">2012-10-19 00:00:00</subfield>
    <subfield code="t">3</subfield>
    <subfield code="w">2012-10-19</subfield>
    <subfield code="y">BK</subfield>
  </datafield>
</record>
